00587nam a2200169Ia 4500008004100000020001500041041001200056082001600068100001800084245007900102260002500181300000800206650000700214942000700221999001500228952017400243221030s9999 xx 000 0 und d a8123902638 aEnglish a105.23bNat aV. C. Natesan 0aParker Smith`s 458 Solutions of Problems in Electrical Engineering Part II bCBS PubaDelhic1998 a456 aEE cBK c1351d1351 pBE 218g90.00h2ndl0o105.23 Natr2024-06-13 00:00:00w2022-10-30yBK003Print4070aMIETLIBbMIETLIBcBL-Academic Block A, FL-1, CUP-36, SH-3, R-3d1998-12-2410HBE